[Event "Ä13Â "]
[Site "Loo"]
[Date "2017.04.20"]
[Round "1.3"]
[White "Âîñòðèêîâà, Ñòàíèñëàâà."]
[Black "Ñòåïàíÿí, Ýâà."]
[Result "0-1"]
[WhiteElo "1519"]
[BlackElo "1938"]
[PlyCount "96"]
[EventDate "2017.04.20"]

1. e4 e5 2. Nf3 Nc6 3. Bb5 a6 4. Ba4 Nf6 5. O-O Be7 6. Nc3 b5 7. Bb3 d6 8. Re1
O-O 9. Nd5 Na5 10. c3 Nxb3 11. Nxe7+ Qxe7 12. Qxb3 Bg4 13. Qd1 Nd7 14. h3 Bh5
15. g4 Bg6 16. d3 Rfe8 17. Bg5 f6 18. Be3 Nf8 19. Nh4 Kh8 20. Nf5 Bxf5 21. gxf5
Qf7 22. Kh2 c6 23. h4 d5 24. h5 h6 25. Qg4 Rac8 26. Rg1 Red8 27. a4 Ra8 28. Rg2
Rdb8 29. f4 exf4 30. Bxf4 Re8 31. exd5 cxd5 32. Rag1 Re7 33. axb5 axb5 34. Kh1
Ra4 35. b3 Ra8 36. Rh2 Nh7 37. Qg6 Ng5 38. Bxg5 fxg5 39. Qc6 Rf8 40. Qxb5 Qxf5
41. Qb4 Qf3+ 42. Rhg2 Qxh5+ 43. Rh2 Qf3+ 44. Rhg2 Rf4 45. Qb8+ Kh7 46. Qxf4
gxf4 47. d4 Re2 48. b4 Qh3+ 0-1

[Event "Ä13Â "]
[Site "Loo"]
[Date "2017.04.20"]
[Round "1.4"]
[White "Êèð÷åé, Âèêòîðèÿ."]
[Black "Èçáåêîâà, Åâäîêèÿ."]
[Result "1-0"]
[WhiteElo "1814"]
[BlackElo "1518"]
[PlyCount "97"]
[EventDate "2017.04.20"]

1. e4 c5 2. d3 d6 3. g3 Nf6 4. Bg2 Nc6 5. f4 e6 6. Nf3 Be7 7. O-O O-O 8. c3 Qc7
9. h3 Bd7 10. Be3 Rac8 11. Nbd2 a6 12. g4 Kh8 13. Qe1 Ng8 14. g5 f5 15. Qg3 Be8
16. Nh4 Bd8 17. exf5 exf5 18. Ndf3 Nce7 19. c4 Qd7 20. Bd2 b5 21. b3 Nc6 22.
Bc3 Ba5 23. Bb2 Nb4 24. Ne1 Ne7 25. a3 Nbc6 26. Nef3 Bd8 27. Rfe1 Na5 28. Nd2
Ng6 29. Nhf3 Qf7 30. h4 Ne7 31. Re2 Qh5 32. Rae1 Qg4 33. Qh2 Bc6 34. Rxe7 Bxe7
35. Rxe7 Rg8 36. h5 Rce8 37. Rf7 Nxb3 38. h6 Nxd2 39. hxg7+ Rxg7 40. Nxd2 Re1+
41. Nf1 Rxf1+ 42. Kxf1 Qd1+ 43. Kf2 Qd2+ 44. Kg3 Qe1+ 45. Kh3 Qe3+ 46. Qg3
Bxg2+ 47. Kh2 Qxg3+ 48. Kxg3 Bf1 49. Rf8# 1-0

[Event "Ä13Â "]
[Site "Loo"]
[Date "2017.04.20"]
[Round "1.5"]
[White "Ëåñíûõ, Æàííà."]
[Black "Áîíäàðåâà, Äàðüÿ."]
[Result "0-1"]
[WhiteElo "1513"]
[BlackElo "1778"]
[PlyCount "100"]
[EventDate "2017.04.20"]

1. e4 e5 2. Nf3 Nc6 3. Bc4 Nf6 4. d3 Be7 5. O-O O-O 6. Re1 d6 7. h3 h6 8. c3
Na5 9. Bb5 a6 10. Ba4 b5 11. Bc2 c5 12. d4 Qc7 13. dxe5 dxe5 14. a4 Bb7 15.
Nbd2 Rfd8 16. Qe2 b4 17. Nc4 Nxc4 18. Qxc4 a5 19. Qe2 Ba6 20. Qe3 Nh5 21. g3 c4
22. Kh2 b3 23. Bb1 Qd6 24. Qe2 Nf6 25. Be3 Nd7 26. Nd2 Qe6 27. f4 f6 28. Nf3
Bc5 29. Nh4 Bxe3 30. Qxe3 Kh7 31. Rd1 Qb6 32. Qf3 Nf8 33. Rd5 Bb7 34. Rb5 Qc7
35. fxe5 Rd2+ 36. Kh1 fxe5 37. Qf5+ Kg8 38. Qxe5 Qxe5 39. Rxe5 Nd7 40. Re7 Rf8
41. Nf5 Rxf5 42. Kg1 Re5 43. Rxe5 Nxe5 44. g4 Rd1+ 45. Kf2 Bxe4 46. Bxe4 Rxa1
47. Bd5+ Kf8 48. Ke3 Ke7 49. Ke4 Re1+ 50. Kd4 Kd6 0-1

[Event "Ä13Â "]
[Site "Loo"]
[Date "2017.04.20"]
[Round "1.6"]
[White "Ñîâèíà, Ìàðèÿ."]
[Black "Ïîðòíîâà, Êñåíèÿ."]
[Result "1-0"]
[WhiteElo "1734"]
[BlackElo "1510"]
[PlyCount "93"]
[EventDate "2017.04.20"]

1. d4 Nf6 2. c4 e6 3. Nc3 Bb4 4. e3 b6 5. Nge2 c5 6. a3 Ba5 7. Bd2 Qe7 8. Nb5
Bxd2+ 9. Qxd2 d5 10. dxc5 bxc5 11. Nf4 Bb7 12. Be2 O-O 13. O-O a6 14. Nc3 dxc4
15. Bxc4 Nc6 16. Qe2 Ne5 17. Bb3 Ng6 18. Nxg6 hxg6 19. Rac1 Nd7 20. Rfd1 Rfd8
21. Na4 Rab8 22. Bc4 Bc6 23. Nc3 a5 24. f4 e5 25. Qf2 exf4 26. exf4 Qf6 27. Rd2
Rdc8 28. Rcd1 Nb6 29. Ba6 Rc7 30. Qxc5 Qxf4 31. Rd8+ Be8 32. Qd4 Qxd4+ 33.
R1xd4 Rxd8 34. Rxd8 Re7 35. Nb5 Kh7 36. Nd6 Bc6 37. Nc8 Nxc8 38. Rxc8 Be8 39.
Rc5 a4 40. Bb5 Bd7 41. Rc7 Re1+ 42. Kf2 Re5 43. Bxd7 Re7 44. Rb7 g5 45. Bf5+ g6
46. Bxg6+ Kxg6 47. Rxe7 1-0

[Event "Ä13Â "]
[Site "Loo"]
[Date "2017.04.20"]
[Round "1.7"]
[White "Àáðàìîâà, Òàòüÿíà."]
[Black "ßêèìîâà, Ìàðèÿ."]
[Result "0-1"]
[WhiteElo "1508"]
[BlackElo "1730"]
[PlyCount "70"]
[EventDate "2017.04.20"]

1. e4 c5 2. Ne2 d6 3. g3 Nc6 4. Bg2 g6 5. d4 cxd4 6. Nxd4 Bg7 7. Ne2 Nf6 8.
Nbc3 O-O 9. h3 Bd7 10. O-O Rc8 11. Be3 Qa5 12. f4 b5 13. a3 a6 14. g4 h6 15.
Qe1 Qd8 16. f5 g5 17. h4 Nxg4 18. Bd2 e6 19. Qg3 Nce5 20. hxg5 hxg5 21. Bh3
exf5 22. exf5 Qb6+ 23. Kh1 Bc6+ 24. Bg2 Bxg2+ 25. Qxg2 Rc4 26. Bxg5 Ne3 27.
Bxe3 Rh4+ 28. Kg1 Qxe3+ 29. Qf2 Rg4+ 30. Kh1 Qh6+ 31. Qh2 Rh4 32. Rf2 Ng4 33.
Qxh4 Qxh4+ 34. Kg1 Qxf2+ 35. Kh1 Qh2# 0-1

[Event "Ä13Â "]
[Site "Loo"]
[Date "2017.04.20"]
[Round "1.8"]
[White "Íóð-Ìóõàìåòîâà, Àëèñà."]
[Black "Åìåëüÿíîâà, Åëåíà."]
[Result "1/2-1/2"]
[WhiteElo "1723"]
[BlackElo "1504"]
[PlyCount "115"]
[EventDate "2017.04.20"]

1. e4 e5 2. Nf3 Nc6 3. Bb5 f5 4. d3 fxe4 5. dxe4 d6 6. Nc3 Nf6 7. O-O Be7 8.
Re1 O-O 9. Ng5 Qe8 10. Bc4+ Kh8 11. Ne6 Bxe6 12. Bxe6 Nd4 13. Bc4 Qg6 14. Be3
Ng4 15. Bxd4 exd4 16. Qxd4 Nxf2 17. Rf1 Nh3+ 18. Kh1 Nf4 19. g3 Bf6 20. Qe3
Bxc3 21. gxf4 Bd2 22. Qxd2 Qxe4+ 23. Qg2 Qxc4 24. f5 Qc6 25. Rf3 Rf7 26. c3
Raf8 27. Raf1 Qe4 28. Rf4 Qxg2+ 29. Kxg2 Rf6 30. Rb4 b6 31. Rc4 c5 32. Ra4 a5
33. Rd1 Rd8 34. Rf1 d5 35. Rff4 g6 36. fxg6 Rxg6+ 37. Kf3 Kg7 38. Ra3 Rf6 39.
Rb3 Rdf8 40. Rxf6 Rxf6+ 41. Kg3 Kf7 42. Rb5 Ke7 43. b4 axb4 44. cxb4 d4 45.
bxc5 d3 46. cxb6 d2 47. Rb1 Rxb6 48. Rd1 Rb2 49. a4 Ra2 50. Kf2 Rxa4 51. Rxd2
Rf4+ 52. Kg3 Rf6 53. h4 Kf7 54. h5 Kg7 55. Rg2 Kh6 56. Kg4 Rf8 57. Rd2 Rf6 58.
Rd5 1/2-1/2

[Event "Ä13Â "]
[Site "Loo"]
[Date "2017.04.20"]
[Round "1.9"]
[White "Êàìàðîâà, Æàíáîòà."]
[Black "Õóðõåñîâà, Âèêòîðèÿ."]
[Result "0-1"]
[WhiteElo "1501"]
[BlackElo "1694"]
[PlyCount "158"]
[EventDate "2017.04.20"]

1. d4 Nf6 2. c4 e6 3. Nf3 b6 4. g3 Ba6 5. Qc2 Bb4+ 6. Bd2 Be7 7. Bg2 c6 8. O-O
d5 9. Ne5 Nfd7 10. Nxd7 Nxd7 11. cxd5 cxd5 12. Nc3 O-O 13. Rfe1 Nf6 14. Rad1
Qd7 15. Bg5 Rac8 16. Qd2 Rfd8 17. e4 dxe4 18. Nxe4 Nd5 19. Bxe7 Qxe7 20. Bh3
Qb4 21. Qxb4 Nxb4 22. Nc3 Bb7 23. Rd2 Ba8 24. a3 Nd5 25. Ne4 Rc6 26. Bg2 Rc7
27. Rd3 Bb7 28. Nc3 Nxc3 29. bxc3 Bxg2 30. Kxg2 Rdc8 31. Ree3 Rc4 32. d5 exd5
33. Rxd5 R4c7 34. Red3 Kf8 35. Rd7 Ke8 36. Rxc7 Rxc7 37. Kf3 Rc4 38. Re3+ Kf8
39. Ke2 Ra4 40. Kd3 Rxa3 41. f4 b5 42. Kd4 a5 43. Re5 Rb3 44. c4 bxc4 45. Kxc4
Rb2 46. h4 a4 47. Re3 f6 48. Ra3 Re2 49. Kb4 Re7 50. Kb5 Rb7+ 51. Kc4 Ra7 52.
Kb5 Rb7+ 53. Kc4 Rc7+ 54. Kb5 Kf7 55. Kb4 Re7 56. Kb5 Re4 57. Kc5 Kg6 58. Kd5
Rb4 59. Ke6 Rb3 60. f5+ Kh6 61. Rxa4 Rxg3 62. Rf4 Kh5 63. Kf7 h6 64. Ke7 Rg1
65. Kf8 g5 66. fxg6 Kxg6 67. Ke7 Re1+ 68. Kf8 f5 69. h5+ Kg5 70. Rf2 Rh1 71.
Kf7 Rxh5 72. Ke6 Kg4 73. Rg2+ Kf3 74. Rg6 f4 75. Rf6 Ke3 76. Kf7 f3 77. Kg6 Rh4
78. Re6+ Re4 79. Rf6 f2 0-1

[Event "Ä13Â "]
[Site "Loo"]
[Date "2017.04.20"]
[Round "1.10"]
[White "Àëåêñååíêî, Ìàðèÿ."]
[Black "Çàâèâàåâà, Ýìèëèÿ."]
[Result "1-0"]
[WhiteElo "1684"]
[BlackElo "1490"]
[PlyCount "67"]
[EventDate "2017.04.20"]

1. c4 b6 2. Nf3 Bb7 3. g3 e6 4. Bg2 Nf6 5. O-O Be7 6. d4 O-O 7. Nc3 d6 8. b3
Nbd7 9. Bb2 c5 10. d5 e5 11. Nd2 g6 12. e3 Ne8 13. Ne2 f5 14. Qc2 Ng7 15. e4
Bf6 16. f4 Qe7 17. Rae1 a6 18. h3 b5 19. Kh2 Kh8 20. fxe5 Bxe5 21. Bxe5 Nxe5
22. Nc1 Qd7 23. Nd3 Nxd3 24. Qxd3 fxe4 25. Nxe4 Nf5 26. Ng5 bxc4 27. bxc4 Nd4
28. Ne6 Nxe6 29. dxe6 Qe7 30. Bd5 Rae8 31. Qc3+ Kg8 32. Rf7 Rxf7 33. exf7+ Qxf7
34. Rxe8# 1-0

[Event "Ä13Â "]
[Site "Loo"]
[Date "2017.04.20"]
[Round "1.11"]
[White "Ôåäîðè÷åâà, Åêàòåðèíà."]
[Black "Áîäíàðóê, Êñåíèÿ."]
[Result "0-1"]
[WhiteElo "1482"]
[BlackElo "1677"]
[PlyCount "126"]
[EventDate "2017.04.20"]

1. d4 d5 2. c4 e6 3. Nf3 Nf6 4. g3 Be7 5. Bg2 O-O 6. O-O c5 7. Qc2 Nc6 8. e3 a6
9. a3 cxd4 10. exd4 Bd7 11. Be3 dxc4 12. Qxc4 Na5 13. Qc2 Bb5 14. Re1 Rc8 15.
Nc3 Nd5 16. Nd2 Nxc3 17. bxc3 Qc7 18. Rec1 Nc4 19. Nxc4 Bxc4 20. Bf4 Qd7 21.
Qb2 b5 22. Qd2 f6 23. h4 Bd6 24. Bxd6 Qxd6 25. Bh3 Rfe8 26. Bf1 Bxf1 27. Rxf1
Qd5 28. a4 Rcd8 29. axb5 axb5 30. Ra5 Ra8 31. Rfa1 Rxa5 32. Rxa5 Ra8 33. Rxa8+
Qxa8 34. Qb2 Qc6 35. Qb4 Kf7 36. Kf1 Qc4+ 37. Qxc4 bxc4 38. Ke2 Ke7 39. Ke3 Kd6
40. f4 f5 41. Kf3 Kc6 42. g4 g6 43. gxf5 gxf5 44. h5 h6 45. Ke3 Kb5 46. d5 exd5
47. Kd4 Kc6 48. Ke5 Kc5 49. Kxf5 d4 50. cxd4+ Kxd4 51. Kg6 c3 52. Kxh6 c2 53.
Kg6 c1=Q 54. h6 Qc6+ 55. Kg7 Qd7+ 56. Kg8 Qe6+ 57. Kg7 Qe7+ 58. Kg8 Qe6+ 59.
Kg7 Qg4+ 60. Kh7 Ke4 61. Kh8 Qg6 62. h7 Qf7 63. f5 Qf8# 0-1

[Event "Ä13Â "]
[Site "Loo"]
[Date "2017.04.20"]
[Round "1.12"]
[White "Ìàëüöåâà, Åêàòåðèíà."]
[Black "Þñóïîâà, Ýëèíà."]
[Result "1-0"]
[WhiteElo "1671"]
[BlackElo "1481"]
[PlyCount "51"]
[EventDate "2017.04.20"]

1. e4 c5 2. Nf3 d6 3. d4 cxd4 4. Nxd4 Nf6 5. Nc3 g6 6. Be3 Bg7 7. f3 O-O 8. Qd2
Nc6 9. g4 Bd7 10. h4 Ne5 11. h5 Rc8 12. hxg6 fxg6 13. O-O-O Nc4 14. Bxc4+ Rxc4
15. Qh2 a6 16. Bh6 Rf7 17. Bxg7 Rxg7 18. e5 Ne8 19. exd6 Nxd6 20. Qe5 Qf8 21.
Qd5+ Qf7 22. Qe5 b5 23. Nd5 Rc8 24. Rde1 e6 25. Nf6+ Kf8 26. Qxd6+ 1-0

[Event "Ä13Â "]
[Site "Loo"]
[Date "2017.04.20"]
[Round "1.13"]
[White "Ôðîëîâà, Ëàäà."]
[Black "Êàñàåâà, Ñîôèÿ."]
[Result "1-0"]
[WhiteElo "1475"]
[BlackElo "1661"]
[PlyCount "61"]
[EventDate "2017.04.20"]

1. e4 e5 2. Nf3 Nc6 3. d4 exd4 4. Nxd4 Nf6 5. Nc3 Bb4 6. Nxc6 bxc6 7. Bd3 d5 8.
exd5 cxd5 9. O-O O-O 10. Bg5 c6 11. Qf3 Be7 12. h3 Rb8 13. Rab1 Be6 14. b3 c5
15. Rbd1 Qd7 16. Rfe1 Rbd8 17. Bc4 d4 18. Bb5 Qc7 19. Na4 Nd5 20. Bxe7 Qxe7 21.
Bc4 Qd6 22. c3 Nf4 23. Nxc5 Nxh3+ 24. gxh3 Qxc5 25. cxd4 Rxd4 26. Rxd4 Qxd4 27.
Rxe6 Qc5 28. Re4 Qg5+ 29. Rg4 Qc1+ 30. Kh2 h5 31. Rf4 1-0

[Event "Ä13Â "]
[Site "Loo"]
[Date "2017.04.20"]
[Round "1.14"]
[White "Êóçíåöîâà, Ìàðèíà."]
[Black "Êîìëåâà, Àííà."]
[Result "1-0"]
[WhiteElo "1649"]
[BlackElo "1472"]
[PlyCount "70"]
[EventDate "2017.04.20"]

1. e4 e5 2. Nf3 Nc6 3. Bb5 a6 4. Bxc6 dxc6 5. O-O Bg4 6. h3 Bxf3 7. Qxf3 Nf6 8.
d3 h6 9. Qf5 Bd6 10. Be3 Qe7 11. Nc3 g6 12. Qf3 O-O-O 13. Rad1 c5 14. Qe2 Rdg8
15. f4 Nh5 16. Qg4+ f5 17. exf5 Nf6 18. Qf3 Nh5 19. fxg6 Nxf4 20. Bxf4 exf4 21.
Qg4+ Kb8 22. Nd5 Qe5 23. Nxf4 Qxb2 24. Ne6 h5 25. Qg5 Qxa2 26. g7 Rh7 27. Qg6
Rhxg7 28. Nxg7 Be5 29. Qe6 Qxe6 30. Nxe6 Re8 31. Rf8 Rxf8 32. Nxf8 Bd4+ 33. Kh1
a5 34. Ne6 a4 35. Nxd4 cxd4 1-0

[Event "Ä13Â "]
[Site "Loo"]
[Date "2017.04.20"]
[Round "1.15"]
[White "Äîðîõèíà, Åëèçàâåòà."]
[Black "Äàøèíà, Ñîôèÿ."]
[Result "1/2-1/2"]
[WhiteElo "1452"]
[BlackElo "1644"]
[PlyCount "84"]
[EventDate "2017.04.20"]

1. e4 e5 2. Nf3 Nc6 3. d4 exd4 4. Nxd4 Nf6 5. Nxc6 bxc6 6. Bd3 Be7 7. c3 d5 8.
exd5 cxd5 9. O-O O-O 10. h3 Be6 11. Nd2 h6 12. Nf3 c5 13. Bc2 Qc7 14. Re1 Rad8
15. Be3 Ne4 16. Qc1 f5 17. Bf4 Bd6 18. Bxd6 Qxd6 19. Nd2 Nxd2 20. Qxd2 f4 21.
f3 Rde8 22. Bb3 Kh8 23. Bc2 Bf7 24. Rxe8 Rxe8 25. Re1 Rxe1+ 26. Qxe1 Qe6 27.
Qxe6 Bxe6 28. Kf2 g5 29. Ke2 Kg7 30. b3 Kf6 31. Bd3 Ke5 32. Kd2 d4 33. c4 Bd7
34. Be4 Kd6 35. a3 a5 36. a4 Be8 37. Kd3 Ke5 38. Kd2 Kd6 39. Kd3 Ke5 40. Kd2 h5
41. Kd3 Bf7 42. Bh7 Be8 1/2-1/2

[Event "Ä13Â "]
[Site "Loo"]
[Date "2017.04.20"]
[Round "1.16"]
[White "Òî÷èëêèíà, Åêàòåðèíà."]
[Black "Äèâååâà, Äàðüÿ."]
[Result "1-0"]
[WhiteElo "1633"]
[BlackElo "1451"]
[PlyCount "93"]
[EventDate "2017.04.20"]

1. e4 c6 2. d4 d5 3. exd5 cxd5 4. Bd3 Nc6 5. c3 Nf6 6. Bf4 e6 7. Nf3 Bd6 8. Bg3
h6 9. Ne5 Qc7 10. Nxc6 bxc6 11. Bxd6 Qxd6 12. Qe2 O-O 13. O-O Re8 14. Re1 Bd7
15. Nd2 c5 16. dxc5 Qxc5 17. Nb3 Qb6 18. h3 Rab8 19. Qe3 Qxe3 20. Rxe3 Bb5 21.
Bxb5 Rxb5 22. Rd1 a5 23. Rd2 Reb8 24. Ree2 Ne4 25. Rc2 Nd6 26. Nd4 R5b6 27. b3
Rc8 28. f3 Re8 29. Re1 e5 30. Ne2 Rc8 31. Rd2 Rc5 32. Red1 d4 33. cxd4 exd4 34.
Rxd4 Nf5 35. Rd5 Rbb5 36. Rxc5 Rxc5 37. Rd2 Kf8 38. Kf2 Ke7 39. Ng3 Nh4 40. Ne4
Re5 41. Nd6 Ng6 42. Nc4 Rc5 43. Ke3 Nh4 44. Kf2 a4 45. Re2+ Kd8 46. Nd6 axb3
47. Nb7+ 1-0

[Event "Ä13Â "]
[Site "Loo"]
[Date "2017.04.20"]
[Round "1.17"]
[White "Ïàëü÷óí, Ïîëèíà."]
[Black "Ìåëåí÷óê, Îëüãà."]
[Result "0-1"]
[WhiteElo "1444"]
[BlackElo "1631"]
[PlyCount "66"]
[EventDate "2017.04.20"]

1. d4 d5 2. c4 e6 3. Nc3 c6 4. cxd5 exd5 5. Bf4 Bf5 6. e3 Nf6 7. Nf3 Bd6 8.
Bxd6 Qxd6 9. Qb3 Qc7 10. Be2 O-O 11. O-O Nbd7 12. Rfc1 Qb6 13. Qa3 Ne4 14. Nh4
Bg6 15. Nxg6 fxg6 16. Nxe4 dxe4 17. Qc3 Kh8 18. b4 Nf6 19. Bc4 Ng4 20. Rc2 Qc7
21. g3 Rf6 22. Rf1 Raf8 23. Qb3 Qd7 24. h3 Nh6 25. Kg2 b5 26. Be2 g5 27. g4 Rf3
28. Bxf3 exf3+ 29. Kh2 Qd6+ 30. Kg1 Nxg4 31. hxg4 Qh6 32. Qd3 Qh3 33. Rcc1 Qg2#
0-1

[Event "Ä13Â "]
[Site "Loo"]
[Date "2017.04.20"]
[Round "1.18"]
[White "×åðåïàíîâà, Ýâèòà."]
[Black "Êîñòèíà, Àëåêñàíäðà."]
[Result "1-0"]
[WhiteElo "1612"]
[BlackElo "1442"]
[PlyCount "107"]
[EventDate "2017.04.20"]

1. e4 e5 2. Nf3 Nc6 3. Bc4 Nf6 4. d3 d6 5. O-O h6 6. c3 Be7 7. Bb3 Bg4 8. Nbd2
O-O 9. h3 Bh5 10. Re1 Re8 11. Nf1 Qd7 12. Ng3 Bg6 13. Nh4 Bh7 14. Nhf5 Bf8 15.
Qf3 Ne7 16. Nxh6+ gxh6 17. Qxf6 Bg6 18. Qf3 Qc6 19. Nh5 Red8 20. Nf6+ Kg7 21.
Ng4 h5 22. Nf6 d5 23. Nxh5+ Bxh5 24. Qxh5 f6 25. Bh6+ Kg8 26. Re3 Bxh6 27. Qxh6
a5 28. Rg3+ Kf7 29. exd5 Nxd5 30. Rg7+ Ke6 31. Qg6 a4 32. Qg4+ Kd6 33. Bxd5
Qxd5 34. Qb4+ Kc6 35. Qe7 Rac8 36. Qxf6+ Rd6 37. Qf5 Re8 38. Qf7 Qxf7 39. Rxf7
Rxd3 40. h4 Rd2 41. h5 Rxb2 42. h6 Rd2 43. g4 Rd6 44. h7 Rg6 45. f3 e4 46. Re1
Rh6 47. Rxe4 Rd8 48. g5 Rh5 49. g6 Rg5+ 50. Rg4 Re5 51. Kg2 Rh5 52. g7 Rxh7 53.
g8=Q Rxg8 54. Rxh7 1-0

[Event "Ä13Â "]
[Site "Loo"]
[Date "2017.04.20"]
[Round "1.19"]
[White "Ëîñåâà, Ìàðãàðèòà."]
[Black "Íèêîëàåâà, Íàäåæäà."]
[Result "1-0"]
[WhiteElo "1439"]
[BlackElo "1611"]
[PlyCount "137"]
[EventDate "2017.04.20"]

1. e4 c5 2. Nf3 d6 3. d4 cxd4 4. Nxd4 Nf6 5. f3 Nc6 6. Nb3 e6 7. Nc3 Be7 8. Be3
O-O 9. Be2 a6 10. a4 Bd7 11. O-O Rc8 12. Qd2 Qc7 13. a5 Qb8 14. Rfd1 Rfd8 15.
Bb6 Re8 16. Rac1 Ne5 17. Qd4 Nc6 18. Qd2 Rf8 19. g3 Be8 20. Kg2 Nd7 21. Be3 Qc7
22. Na4 Nce5 23. Nb6 Nxb6 24. Bxb6 Qb8 25. f4 Nc4 26. Bxc4 Rxc4 27. Qd3 Rc8 28.
c4 Bc6 29. Kf2 Ba4 30. Rd2 Bxb3 31. Qxb3 Rc6 32. Rcd1 Qc8 33. Rd4 Re8 34. Qd3
f6 35. b3 Rf8 36. Kg2 e5 37. fxe5 fxe5 38. Rd5 Rf6 39. h3 Rh6 40. g4 Rg6 41.
Kh2 Bg5 42. Be3 Be7 43. Bb6 Bh4 44. Rg1 Bg5 45. Be3 Bd8 46. c5 Be7 47. cxd6
Rcxd6 48. Qc4 Qxc4 49. bxc4 Rxd5 50. cxd5 Rd6 51. Bc5 Rd7 52. Bxe7 Rxe7 53. Rb1
Kf7 54. Rb6 g6 55. Kg3 Rc7 56. Kh4 h6 57. Kg3 Rc3+ 58. Kf2 Rc7 59. h4 Re7 60.
h5 gxh5 61. gxh5 Kg7 62. Ke3 Kh7 63. Kd3 Kg7 64. Rg6+ Kh7 65. d6 Re8 66. Kc4
Rd8 67. Kd5 Re8 68. d7 Rd8 69. Kd6 1-0

[Event "Ä13Â "]
[Site "Loo"]
[Date "2017.04.20"]
[Round "1.20"]
[White "Ñîñíèíà, Íàäåæäà."]
[Black "Ñòàêèíà, Ìåëèññà."]
[Result "1-0"]
[WhiteElo "1610"]
[BlackElo "1429"]
[PlyCount "42"]
[EventDate "2017.04.20"]

1. e4 e5 2. Nf3 Nc6 3. Bb5 a6 4. Ba4 Nf6 5. Qe2 b5 6. Bb3 Bc5 7. c3 O-O 8. d3
h6 9. h3 Re8 10. g4 d5 11. g5 hxg5 12. Bxg5 dxe4 13. dxe4 b4 14. Bxf7+ Kxf7 15.
Qc4+ Re6 16. Qxc5 Qd3 17. Be3 Nxe4 18. Qxc6 Ng3 19. Ng5+ Kg8 20. Qf3 Bb7 21.
Qxg3 Rd6 {äàëåå çàïèñü íåðàçáîð~~èâà} 1-0

[Event "Ä13Â "]
[Site "Loo"]
[Date "2017.04.20"]
[Round "1.21"]
[White "Ñåì¸íîâà, Äàðüÿ."]
[Black "Êàðïîâà, Ëàðèñà."]
[Result "1/2-1/2"]
[WhiteElo "1429"]
[BlackElo "1608"]
[PlyCount "113"]
[EventDate "2017.04.20"]

1. Nf3 c6 2. c4 e6 3. g3 d5 4. Bg2 Nf6 5. d4 Be7 6. Nc3 O-O 7. O-O h6 8. Nd2
Nbd7 9. e4 dxe4 10. Ndxe4 Nb6 11. b3 Re8 12. Bb2 Qc7 13. Qc2 Nxe4 14. Nxe4 f5
15. Nd2 Bf6 16. Nf3 Nd7 17. Rfe1 a5 18. a3 Ra7 19. Rad1 Nb6 20. Ne5 Nd7 21. h4
Nxe5 22. dxe5 Be7 23. Bd4 c5 24. Bb2 Bd7 25. a4 Raa8 26. Re2 Rad8 27. Red2 Bc8
28. Rxd8 Rxd8 29. Rxd8+ Qxd8 30. Qe2 Qd7 31. Bc3 b6 32. Bf3 g5 33. hxg5 Bxg5
34. Qc2 Qg7 35. Qd3 Be7 36. Bg2 Qg5 37. Bd2 Qg7 38. Bc3 h5 39. Qf3 Qg4 40. Qa8
Qd1+ 41. Kh2 Qd8 42. Qf3 Qe8 43. Bd2 Kh7 44. Bf4 Kg6 45. Bf1 Qd7 46. Be2 Kg7
47. Qxh5 Bf8 48. Bh6+ Kg8 49. Qg6+ Bg7 50. Bh5 Kh8 51. Bg5 Bxe5 52. Bf6+ Bxf6
53. Qxf6+ Kg8 54. Qg5+ Kh8 55. Qf6+ Kg8 56. Qg5+ Kh8 57. Qf6+ 1/2-1/2

[Event "Ä13Â "]
[Site "Loo"]
[Date "2017.04.20"]
[Round "1.22"]
[White "Ñóðîâöåâà, Àëèñà."]
[Black "Êóäðÿâöåâà, Àíàñòàñèÿ."]
[Result "1/2-1/2"]
[WhiteElo "1601"]
[BlackElo "1413"]
[PlyCount "120"]
[EventDate "2017.04.20"]

1. e4 d6 2. d4 Nf6 3. Nc3 g6 4. Be3 c6 5. f3 b5 6. Qd2 Nbd7 7. h4 Bg7 8. Bh6
Bxh6 9. Qxh6 Rg8 10. Nh3 a5 11. g4 b4 12. Ne2 Ba6 13. Qd2 Nb6 14. Qc1 c5 15. d5
Nc4 16. Ng3 Ne5 17. Bxa6 Rxa6 18. Kf2 Qb6 19. Kg2 Qb5 20. Qd2 Rb6 21. b3 Qd7
22. a3 Rb8 23. axb4 axb4 24. Rhf1 Qb7 25. Ra4 h5 26. g5 Nh7 27. Nf2 Ra8 28.
Rfa1 Kd7 29. Nd3 Nxd3 30. cxd3 Rxa4 31. Rxa4 Ra8 32. Qa2 Rxa4 33. Qxa4+ Kd8 34.
f4 Qd7 35. Qxd7+ Kxd7 36. f5 Nf8 37. Kf3 Ke8 38. Ne2 Nd7 39. d4 cxd4 40. Nxd4
Nc5 41. Nc6 Nxb3 42. Nxb4 Nc5 43. Kf4 Kf8 44. e5 dxe5+ 45. Kxe5 Nd7+ 46. Kf4
Nc5 47. fxg6 fxg6 48. Ke5 Nd7+ 49. Kd4 Kf7 50. Nc6 Ke8 51. Nb4 Kf7 52. Nd3 Ke8
53. Ke4 Kd8 54. Nf4 Nf8 55. Ke5 Kd7 56. Nd3 Ke8 57. Nc5 Nd7+ 58. Kd4 Nxc5 59.
Kxc5 Kd7 60. Kc4 Kd6 1/2-1/2

[Event "Ä13Â "]
[Site "Loo"]
[Date "2017.04.20"]
[Round "1.23"]
[White "Áàêóëîâà, Òàòüÿíà."]
[Black "Åðøîâà, Ìàðãàðèòà."]
[Result "0-1"]
[WhiteElo "1395"]
[BlackElo "1593"]
[PlyCount "136"]
[EventDate "2017.04.20"]

1. d4 d6 2. c4 e5 3. dxe5 dxe5 4. Qxd8+ Kxd8 5. Nc3 Be6 6. b3 c6 7. Bd2 Ba3 8.
Rd1 Kc7 9. Ne4 f6 10. e3 Be7 11. Ne2 Nd7 12. N2c3 Nh6 13. Nb1 Nf7 14. Bc1 Rad8
15. Ba3 Bxa3 16. Nxa3 Nb6 17. Rxd8 Rxd8 18. Nc5 Bc8 19. Nd3 Bf5 20. Nc5 Nd7 21.
Nxd7 Rxd7 22. Be2 Bg6 23. c5 Ng5 24. Nc4 Ne4 25. Bf3 Nxc5 26. O-O Be4 27. Be2
Bd3 28. Bxd3 Rxd3 29. Rc1 Ne4 30. h3 Nc3 31. Rc2 Ne4 32. Na3 g6 33. Kh2 h5 34.
h4 Nd6 35. Kh3 Kd7 36. g3 Ke6 37. Kg2 Kf5 38. Kf3 Ne4 39. Nc4 Rd7 40. Rc1 Nd2+
41. Nxd2 Rxd2 42. a4 e4+ 43. Kg2 Rb2 44. Rc5+ Kg4 45. Rc3 a6 46. a5 Ra2 47. b4
Rb2 48. Rc4 f5 49. Rd4 g5 50. hxg5 Kxg5 51. Rc4 Rd2 52. Kf1 h4 53. gxh4+ Kxh4
54. Ke1 Rb2 55. f3 Rb3 56. Kd2 Rb2+ 57. Kc3 Re2 58. fxe4 Rxe3+ 59. Kd2 f4 60.
e5 Kg4 61. Rc5 Kf5 62. e6+ Kxe6 63. Rc4 Kf5 64. Rc5+ Re5 65. Rc3 Ke4 66. Rd3
Rd5 67. Rxd5 cxd5 68. Ke2 d4 0-1

[Event "Ä13Â "]
[Site "Loo"]
[Date "2017.04.20"]
[Round "1.24"]
[White "Ãðàíêèíà, Àëèñà."]
[Black "Ðåãåð, Âàëåðèÿ."]
[Result "0-1"]
[WhiteElo "1585"]
[BlackElo "1388"]
[PlyCount "84"]
[EventDate "2017.04.20"]

1. e4 e6 2. Nf3 d5 3. Nc3 a6 4. d4 Bb4 5. Bd3 dxe4 6. Bxe4 Nf6 7. Bd3 O-O 8.
O-O Nc6 9. Ne2 Be7 10. Ng3 Kh8 11. c3 Bd6 12. Re1 Re8 13. Bc2 Ne7 14. Ng5 Kg8
15. Qf3 Ng6 16. Qd3 b6 17. N3e4 Bb7 18. Qf3 Bd5 19. b3 b5 20. Bd3 Bxe4 21. Bxe4
Rb8 22. h4 Nxh4 23. Bxh7+ Kf8 24. Qh3 Nxh7 25. Nxh7+ Kg8 26. Ng5 Ng6 27. Qf3
Qd7 28. g3 e5 29. Bb2 exd4 30. cxd4 Bb4 31. Red1 Re7 32. Kg2 Rbe8 33. Rh1 Re2
34. Bc1 f6 35. Qd3 fxg5 36. Qxg6 Qd5+ 37. Kh2 Rxf2+ 38. Kh3 Qxh1+ 39. Kg4 Re4+
40. Kxg5 Be7+ 41. Qf6 Bxf6+ 42. Kg6 Qh7# 0-1

[Event "Ä13Â "]
[Site "Loo"]
[Date "2017.04.20"]
[Round "1.25"]
[White "Ìàêàðåíêî, Åëèçàâåòà."]
[Black "Áîðîäêèíà, Ñîôèÿ."]
[Result "0-1"]
[WhiteElo "1386"]
[BlackElo "1576"]
[PlyCount "144"]
[EventDate "2017.04.20"]

1. c4 e5 2. Nc3 Nc6 3. Nf3 Bb4 4. d3 Bxc3+ 5. bxc3 h6 6. e4 Nf6 7. Be2 O-O 8.
O-O d6 9. Qc2 Re8 10. h3 Ne7 11. d4 Ng6 12. Bd3 Nh5 13. Re1 Re6 14. Bd2 Ngf4
15. Bf1 Rg6 16. Kh2 Qf6 17. Qd1 Qe7 18. Bxf4 Nxf4 19. g3 Ne6 20. dxe5 Nc5 21.
exd6 Rxd6 22. Qc2 Re6 23. e5 Nd7 24. Rad1 g6 25. Qd2 Kg7 26. Qd4 Kh7 27. Bg2 c6
28. Rd2 c5 29. Qf4 Nb6 30. Rd6 Bd7 31. Red1 Bc6 32. R6d2 Re8 33. Re1 Nd7 34.
Rde2 Nb6 35. Rd2 Qc7 36. Qh4 Bxf3 37. Bxf3 Rxe5 38. Rxe5 Rxe5 39. Rd8 Qe7 40.
Qxe7 Rxe7 41. Rb8 Nxc4 42. Rxb7 Rxb7 43. Bxb7 Na3 44. Kg2 Kg7 45. Kf3 Nb1 46.
a4 Nxc3 47. a5 Kf6 48. Ke3 Ke5 49. Kd3 Nb5 50. Bc6 Nc7 51. Kc4 Kd6 52. Bb7 f6
53. f3 h5 54. f4 g5 55. fxg5 fxg5 56. Bg2 Ne6 57. Bf3 h4 58. gxh4 gxh4 59. Bg4
Nd4 60. Bc8 Nc6 61. Kb5 Nb8 62. Kc4 Kc6 63. Bg4 Na6 64. Bf3+ Kd6 65. Kb5 Nc7+
66. Kc4 Ne6 67. Bg4 Ng5 68. Kb5 Ne4 69. Ka6 c4 70. Be2 c3 71. Bd3 Nc5+ 72. Kxa7
Nxd3 0-1

[Event "Ä13Â "]
[Site "Loo"]
[Date "2017.04.20"]
[Round "1.26"]
[White "Íèêóëèíà, Àíàñòàñèÿ."]
[Black "Öàìàëàèäçå, Ëèàíà."]
[Result "1/2-1/2"]
[WhiteElo "1562"]
[BlackElo "1349"]
[PlyCount "119"]
[EventDate "2017.04.20"]

1. e4 c5 2. Nf3 g6 3. d4 Bg7 4. dxc5 Qa5+ 5. c3 Qxc5 6. Na3 a6 7. Nc4 Qc7 8.
Be3 Nc6 9. Nb6 Rb8 10. Nd5 Qd6 11. Bf4 e5 12. Bg5 Bf8 13. Nf6+ Nxf6 14. Qxd6
Bxd6 15. Bxf6 Rg8 16. Bc4 b5 17. Bd5 h6 18. Rd1 Bc7 19. Bxc6 dxc6 20. Nxe5 Bb7
21. Nd7 Ra8 22. Nc5 Bc8 23. O-O Bg4 24. f3 Be6 25. Nxe6 fxe6 26. Bd4 h5 27. Bc5
Rb8 28. Kh1 g5 29. Bd6 Rc8 30. Bxc7 Rxc7 31. Rd6 Ke7 32. Rfd1 Rf8 33. h3 h4 34.
e5 a5 35. Re1 Rf5 36. a3 a4 37. Re4 Kf7 38. Rd8 Kg6 39. Ra8 Rf4 40. Rxf4 gxf4
41. Rg8+ Kf5 42. Rh8 Kg5 43. Rf8 Rb7 44. Rf6 Re7 45. Kg1 Re8 46. Kf2 c5 47. Ke2
c4 48. Rf7 Rb8 49. Rh7 Rd8 50. Rb7 Rd5 51. Rg7+ Kh5 52. Rh7+ Kg5 53. Kf2 Rxe5
54. Rg7+ Kh5 55. Rd7 Rd5 56. Rxd5+ exd5 57. Ke2 Kg5 58. Kd2 Kf5 59. Ke2 Ke5 60.
Kd1 1/2-1/2